00708nam a2200217Ia 450000500170000000800410001702000160005802000160007408200210009024501030011126000600021430000210027465000110029565000120030665000110031870000230032970000200035294200060037295200970037899900150047520250109052308.0240331s9999 xx 000 0 und d a8170361753  a0803996357  bMAI23399a305.3 0aGender and the Household Domain : Social and Cultural Dimensions:bWomen and the Household in Asia aNew DelhiaCaliforniaaLondonbSage Publications c1989 a264 p., Volume 4 aGender aCulture aSocial aKrishnaraj, Meedt aChanana, Keedt cL 001040708LaWERCLbWERCLcSSCd2024-03-31l0o 305.3 GENp3399r2024-03-31w2024-03-31yL c1574d1574